La economía Argentina en el Siglo XXI : globalización, desarrollo y densidad nacional /

Guardado en:
Autor Principal: Ferrer, Aldo, 2022.
Formato: Libro
Idioma:Undetermined
Publicado: Buenos Aires : Capitual intelectual, 2022.
Edición:1a ed.
Materias:
Etiquetas: Agregar Etiqueta
Sin Etiquetas, Sea el primero en etiquetar este registro!
LEADER 00639nam a22001935a 4500
001 CEM.cems025130
008 260422s2022####ag#a##########000#0#und#d
005 20260422122051.0
245 1 0 |a La economía Argentina en el Siglo XXI :  |b globalización, desarrollo y densidad nacional /  |c Aldo Ferrer. 
250 |a 1a ed. 
260 |a Buenos Aires :  |b Capitual intelectual,  |c 2022. 
300 |a 163 p. :  |b il. ;  |c 20 cm. 
020 |a 9789876146524 
100 1 |a Ferrer, Aldo,  |d 2022. 
082 0 4 |a 330.82 
653 |a Economía Argentina 
653 |a Economía 
653 |a Globalización 
859 |a CEMS  |b BIB. CEMS - Agricultura  |h 330.82  |i F414  |p A4108.26  |t Ej.1